Statistiken für Stadtbahn Bielefeld

Klicken Sie hier um das Quiz zu spielen!

Allgemein

  • Dieses Quiz wurde 57 mal gespielt
    (39 seit der letzten Aktualisierung)
  • Das Durchschnittsergebnis liegt bei 33 aus 73

Antwortstatistiken

LinieHalt% Korrekt
Hauptbahnhof
93%
Hauptbahnhof
93%
Hauptbahnhof
93%
Hauptbahnhof
93%
Jahnplatz
93%
Jahnplatz
93%
Jahnplatz
93%
Jahnplatz
93%
Rathaus
93%
Rathaus
93%
Rathaus
93%
Rathaus
93%
2Sieker
78%
Schildesche
74%
1Senne
74%
Landgericht
67%
Landgericht
67%
Adenauerplatz
63%
Brackwede Bahnhof
63%
4Stieghorst
63%
Babenhausen Süd
59%
3Dürkopp Tor 6
59%
Lohmannshof
59%
Milse
59%
Universität
59%
Altenhagen
56%
Bethel
56%
Brackwede Kirche
56%
Nordpark
48%
Rosenhöhe
48%
Rudolf-Oetker-Halle
48%
Schüco
48%
Siegfriedplatz
44%
Sennefriedhof
41%
Baumheide
37%
Beckhausstraße
37%
Heidegärten
37%
Johannesstift
37%
Eggeweg
33%
Friedrich-List-Straße
33%
Krankenhaus Mitte
33%
Sieker Mitte
33%
Ziegelstraße
33%
Deciusstraße
30%
Marktstraße
30%
Stadtheider Straße
30%
Sudbrackstraße
30%
Wellensiek
30%
Bültmannshof
26%
Buschbachtal
26%
Graf-von-Stauffenberg-Straße
26%
Oststraße
26%
Stieghorst Gesamtschule
26%
Finkenstraße
22%
Gaswerkstraße
22%
Kattenkamp
22%
Lutherkirche
22%
Schillerstraße
22%
Wittekindstraße
22%
Koblenzer Straße
19%
Schelpmilser Weg
19%
Seidenstickerstraße
19%
Voltmannstraße
19%
Windelsbleicher Straße
19%
Elpke
15%
Lange Straße
15%
Mozartstraße/Synagoge
15%
Normannenstraße
15%
Prießallee
15%
Teutoburger Straße
15%
Auf der Hufe
11%
August-Bebel-Straße
11%
Roggenkamp
4%

Verteilung der Resultate

Perzentil nach korrekt beantworteten Fragen

Anzahl Personen mit jedem Resultat

Ihre Resultats-Entwicklung

Sie haben dieses Quiz seit der letzten Aktualisierung nicht gespielt